Differential equations, 2nd edition / (Record no. 28798)
[ view plain ]
| 000 -LEADER | |
|---|---|
| fixed length control field | 00398 a2200157 4500 |
| 003 - CONTROL NUMBER IDENTIFIER | |
| control field | NUST |
| 005 - DATE AND TIME OF LATEST TRANSACTION | |
| control field | 20180117114100.0 |
| 008 - FIXED-LENGTH DATA ELEMENTS--GENERAL INFORMATION | |
| fixed length control field | 180117b xxu||||| |||| 00| 0 eng d |
| 020 ## - INTERNATIONAL STANDARD BOOK NUMBER | |
| International Standard Book Number | 0471032948 |
| 020 ## - INTERNATIONAL STANDARD BOOK NUMBER | |
| International Standard Book Number | 9780471032946 |
| 040 ## - CATALOGING SOURCE | |
| Transcribing agency | NUST |
| 082 04 - DEWEY DECIMAL CLASSIFICATION NUMBER | |
| Classification number | 515.35 |
| 100 1# - MAIN ENTRY--PERSONAL NAME | |
| Personal name | Ross, Shepley L. |
| 9 (RLIN) | 8537 |
| 245 10 - TITLE STATEMENT | |
| Title | Differential equations, 2nd edition / |
| Statement of responsibility, etc. | Shepley L. Ross. |
| 250 ## - EDITION STATEMENT | |
| Edition statement | 2nd ed. |
| 260 ## - PUBLICATION, DISTRIBUTION, ETC. | |
| Place of publication, distribution, etc. | [S.l.] : |
| Name of publisher, distributor, etc. | Wiley, |
| Date of publication, distribution, etc. | 1964. |
| 300 ## - PHYSICAL DESCRIPTION | |
| Extent | 816 p. ; |
| Dimensions | 26 cm. |
| 942 ## - ADDED ENTRY ELEMENTS (KOHA) | |
| Institution code [OBSOLETE] | SNS |
| Koha item type | Book |
| Call number prefix | 515.35 ROS |
| Source of classification or shelving scheme | |
| Withdrawn status | Lost status | Source of classification or shelving scheme | Damaged status | Not for loan | Permanent Location | Current Location | Shelving location | Date acquired | Full call number | Barcode | Date last seen | Price effective from | Koha item type |
|---|---|---|---|---|---|---|---|---|---|---|---|---|---|
| Not For Loan | School of Natural Sciences (SNS) | School of Natural Sciences (SNS) | Reference | 05/26/2016 | 515.35 ROS | SNS0000055 | 05/26/2016 | 05/26/2016 | Book |
